书目信息 |
| 题名: |
中国古代航海
|
|
| 作者: | 乔志霞 编著 | |
| 分册: | ||
| 出版信息: | 北京 中国商业出版社 2015.11 |
|
| 页数: | 182页 | |
| 开本: | 23cm | |
| 丛书名: | 中国传统民俗文化 | |
| 单 册: | ||
| 中图分类: | F552.9 | |
| 科图分类: | ||
| 主题词: | 航海--hang hai--交通运输史--中国--古代 | |
| 电子资源: | ||
| ISBN: | 978-7-5044-8566-3 | |
| 000 | 01199nam 2200289 450 | |
| 001 | 0100195220 | |
| 005 | 20201117103359.90 | |
| 010 | @a978-7-5044-8566-3@dCNY25.00 | |
| 100 | @a20151217d2015 em y0chiy50 ea | |
| 101 | 0 | @achi |
| 102 | @aCN@b110000 | |
| 105 | @aa a 000yy | |
| 106 | @ar | |
| 200 | 1 | @a中国古代航海@Azhong guo gu dai hang hai@f乔志霞编著@Fqiao zhi xia bian zhu |
| 210 | @a北京@c中国商业出版社@d2015.11 | |
| 215 | @a182页@c图@d23cm | |
| 225 | 2 | @a中国传统民俗文化@Azhong guo chuan tong min su wen hua@i政治经济制度系列 |
| 320 | @a有书目 (第182页) | |
| 330 | @a本书系统地整理和归纳了几千年来中国的古代航海历史, 具体地论述和剖析了各个历史时期航海活动的背景、政策、人物、事件、航路、船舶、科学技术以及航运管理机构、条例和港口等, 科学地总结和评价了中国古代航海事业的杰出成就及其兴衰荣辱的经验教训。本书体例严谨, 脉络清晰, 内容翔实, 考证精详, 议论精辟, 见地独到, 通俗易懂。 | |
| 410 | 0 | @12001 @a中国传统民俗文化@i政治经济制度系列 |
| 540 | @a中国古代航海 | |
| 606 | 0 | @a航海@Ahang hai@x交通运输史@y中国@z古代 |
| 690 | @aF552.9@v5 | |
| 701 | 0 | @a乔志霞@Aqiao zhi xia@4编著 |
| 801 | @aCN | |
| 901 | @a18 | |
| 905 | @eQ343@dF552.9@a河南城建学院图书馆@b1275058-60@f3 | |
| 中国古代航海/乔志霞编著.-北京:中国商业出版社,2015.11 |
| 182页:图;23cm.-(中国传统民俗文化.政治经济制度系列) |
| ISBN 978-7-5044-8566-3:CNY25.00 |
| 本书系统地整理和归纳了几千年来中国的古代航海历史, 具体地论述和剖析了各个历史时期航海活动的背景、政策、人物、事件、航路、船舶、科学技术以及航运管理机构、条例和港口等, 科学地总结和评价了中国古代航海事业的杰出成就及其兴衰荣辱的经验教训。本书体例严谨, 脉络清晰, 内容翔实, 考证精详, 议论精辟, 见地独到, 通俗易懂。 |
| ● |
| 相关链接 |
|
|
|
正题名:中国古代航海
索取号:F552.9/Q343
 
预约/预借
| 序号 | 登录号 | 条形码 | 馆藏地/架位号 | 状态 | 备注 |
| 1 | 1275058 | 212750588 | 社科二线422/ [索取号:F552.9/Q343] | 在馆 | |
| 2 | 1275059 | 212750595 | 社科二线422/422社科库 37排3列5层/ [索取号:F552.9/Q343] | 在馆 | |
| 3 | 1275060 | 212750601 | 社科库409/409社科库 38排2列4层/ [索取号:F552.9/Q343] | 在馆 |